New England Revolution Best Scorer By Year - Statistics

General Stats
  • This quiz has been taken 46 times
    17 since last reset
  • The average score is 12 of 23
Answer Stats
Player % Correct
Carles Gil
88%
Taylor Twellman
88%
Adam Buksa
75%
Giacomo Vrioni
69%
Gustavo Bou
69%
Charlie Davies
63%
Teal Bunbury
63%
Diego Fagúndez
56%
Kei Kamara
56%
Lee Nguyen
56%
Steve Ralston
56%
Cristian Penilla
50%
Joe-Max Moore
50%
Pat Noonan
50%
Shalrie Joseph
44%
Juan Agudelo
38%
Catê
31%
Marko Perović
31%
Raúl Díaz Arce
31%
Saër Sène
31%
Wolde Harris
25%
Beto Naveda
19%
Imad Baba
19%
No matching quizzes found
Score Distribution
Percent of People with Each Score
Percentile by Number Answered
Your Score History
You have not taken this quiz since the last reset